Thiết bị phản ứng trong công nghiệp hóa học Nghiên cứu, tính toán và thiết kế Tập 2
保存先:
| 第一著者: | |
|---|---|
| フォーマット: | 図書 |
| 出版事項: |
Hà Nội
Khoa học và Kỹ thuật
2006
|
| 主題: | |
| タグ: |
タグ追加
タグなし, このレコードへの初めてのタグを付けませんか!
|
| Thư viện lưu trữ: | Trung tâm Học liệu Lê Vũ Hùng, Trường Đại học Đồng Tháp |
|---|
| LEADER | 01026pam a22003258a 4500 | ||
|---|---|---|---|
| 001 | 00035334 | ||
| 005 | 20171026081025.0 | ||
| 008 | 161201s2006 ||||||Viesd | ||
| 020 | # | # | |c 38000 |
| 041 | 0 | # | |a Vie |
| 082 | 1 | 4 | |a 660.028 |b TH308B |
| 100 | 1 | # | |a Mai, Xuân Kỳ |
| 245 | 1 | 0 | |a Thiết bị phản ứng trong công nghiệp hóa học |c Mai Xuân Kỳ |b Nghiên cứu, tính toán và thiết kế |n Tập 2 |
| 260 | # | # | |a Hà Nội |b Khoa học và Kỹ thuật |c 2006 |
| 300 | # | # | |a 193tr. |c 27 cm. |
| 500 | # | # | |a ĐTTS: Trường Đại học Bách khoa Hà Nội 50 năm xây dựng và phát triển |
| 653 | # | # | |a Hóa học |
| 653 | # | # | |a Phản ứng hóa học |
| 653 | # | # | |a Công nghiệp |
| 852 | # | # | |b Kho đọc |j KD.0017530 |
| 852 | # | # | |j KD.0017530 |
| 910 | 0 | # | |d 01/12/2016 |
| 980 | # | # | |a Trung tâm Học liệu Lê Vũ Hùng, Trường Đại học Đồng Tháp |